| 000 | 01594nam a2200409 a 4500 | ||
|---|---|---|---|
| 001 | ebr10662614 | ||
| 003 | CaPaEBR | ||
| 006 | m u | ||
| 007 | cr cn||||||||| | ||
| 008 | 130314s2013 si a sb 001 0 eng d | ||
| 020 | _z9781118503997 | ||
| 020 | _z9781118504000 (e-book) | ||
| 040 |
_aCaPaEBR _cCaPaEBR |
||
| 035 | _a(OCoLC)828930149 | ||
| 043 |
_af------ _aa------ |
||
| 050 | 1 | 4 |
_aHG1318 _b.O43 2013eb |
| 082 | 0 | 4 |
_a332.491767 _223 |
| 100 | 1 | _aOmar, Mohd Azmi. | |
| 245 | 1 | 0 |
_aFundamentals of Islamic money and capital markets _h[electronic resource] / _cMohd Azmi Omar, Muhamad Abduh, Raditya Sukmana. |
| 260 |
_aSingapore : _bWiley, _c2013. |
||
| 300 |
_axiv, 240 p. : _bcol. ill. |
||
| 440 | 0 | _aWiley finance series | |
| 500 | _aOn cover: Islamic finance. | ||
| 504 | _aIncludes bibliographical references and index. | ||
| 533 |
_aElectronic reproduction. _bPalo Alto, Calif. : _cebrary, _d2013. _nAvailable via World Wide Web. _nAccess may be limited to ebrary affiliated libraries. |
||
| 650 | 0 |
_aMoney _xReligious aspects _xIslam. |
|
| 650 | 0 |
_aMoney _zIslamic countries. |
|
| 650 | 0 |
_aCapital market _xReligious aspects _xIslam. |
|
| 650 | 0 | _aCapital market (Islamic law) | |
| 650 | 0 |
_aBanks and banking _xReligious aspects _xIslam. |
|
| 650 | 0 |
_aBanks and banking _zIslamic countries. |
|
| 655 | 7 |
_aElectronic books. _2local |
|
| 700 | 1 | _aAbduh, Muhamad. | |
| 700 | 1 | _aSukmana, Raditya. | |
| 710 | 2 | _aebrary, Inc. | |
| 856 | 4 | 0 |
_uhttp://site.ebrary.com/lib/rucke/Doc?id=10662614 _zAn electronic book accessible through the World Wide Web; click to view |
| 999 |
_c171823 _d171823 |
||